Youth Ministry: (Record no. 3283)
[ view plain ]
| 000 -LEADER | |
|---|---|
| fixed length control field | 00561nam a2200181Ia 4500 |
| 003 - CONTROL NUMBER IDENTIFIER | |
| control field | GBCCL |
| 005 - DATE AND TIME OF LATEST TRANSACTION | |
| control field | 20241126110451.0 |
| 008 - FIXED-LENGTH DATA ELEMENTS--GENERAL INFORMATION | |
| fixed length control field | 171123b xxu||||| |||| 00| 0 eng d |
| 040 ## - CATALOGING SOURCE | |
| Transcribing agency | gbc |
| 082 ## - DEWEY DECIMAL CLASSIFICATION NUMBER | |
| Classification number | 259.23 |
| Item number | RIC |
| 100 ## - MAIN ENTRY--PERSONAL NAME | |
| Personal name | Richards, Lawrence O |
| 9 (RLIN) | 6743 |
| 245 ## - TITLE STATEMENT | |
| Title | Youth Ministry: |
| Remainder of title | Its Renewal in the Local Church / |
| Statement of responsibility, etc. | Lawrence O. Richards. |
| 260 ## - PUBLICATION, DISTRIBUTION, ETC. | |
| Name of publisher, distributor, etc. | Zondervan Publishing House: |
| Place of publication, distribution, etc. | Michigan, |
| Date of publication, distribution, etc. | 1972. |
| 300 ## - PHYSICAL DESCRIPTION | |
| Extent | 364p.; |
| Dimensions | 23 cm. |
| 650 ## - SUBJECT ADDED ENTRY--TOPICAL TERM | |
| Topical term or geographic name entry element | Youth Ministry |
| 9 (RLIN) | 6744 |
| 650 ## - SUBJECT ADDED ENTRY--TOPICAL TERM | |
| Topical term or geographic name entry element | Pastoral Care - Youth |
| 9 (RLIN) | 6745 |
| 942 ## - ADDED ENTRY ELEMENTS (KOHA) | |
| Edition | 2 PRINTING |
| Source of classification or shelving scheme | Dewey Decimal Classification |
| Koha item type | Books |
| Call number prefix | 259.23 |
| Call number suffix | RIC |
| Koha issues (borrowed), all copies | 11 |
| Withdrawn status | Lost status | Source of classification or shelving scheme | Damaged status | Not for loan | Home library | Current Library | Shelving location | Date acquired | Total checkouts | Full call number | Barcode | Date last seen | Date last checked out | Copy number | Price effective from | Koha item type | Total renewals |
|---|---|---|---|---|---|---|---|---|---|---|---|---|---|---|---|---|---|
| Dewey Decimal Classification | GRACE BIBLE COLLEGE | GRACE BIBLE COLLEGE | Ministry & Mission | 2017-11-23 | 4 | 259.23 RIC | 006246 | 2026-02-25 | 2026-02-19 | c.1 | 2017-11-23 | Books | |||||
| Dewey Decimal Classification | GRACE BIBLE COLLEGE | GRACE BIBLE COLLEGE | Ministry & Mission | 2017-11-23 | 4 | 259.23 RIC | 006267 | 2025-05-01 | 2022-04-06 | c.2 | 2017-11-23 | Books | |||||
| Dewey Decimal Classification | GRACE BIBLE COLLEGE | GRACE BIBLE COLLEGE | Ministry & Mission | 2017-11-23 | 7 | 259.23 RIC | 006297 | 2025-09-24 | 2025-09-22 | c.3 | 2017-11-23 | Books | 2 |